000 00349pab a2200145 454500
008 180718b1987 xxu||||| |||| 00| 0 eng d
100 _aMathias, T.A.
245 _aIndia 2001
_bThe challenge of the future
260 _c1987
300 _a140-5
362 _aJuly
650 _aFuturology
773 _aManagement and Labour Studies
909 _a8934
999 _c8934
_d8934